000 00669nam a2200241 4500
003 OSt
005 20260530113900.0
008 260506b2004 mx ||||| |||| 00| 0 spa d
020 _a9682325315
040 _aICI
_bspa
_cICI
041 _aspa
050 _aNK1510
_bR595
100 1 _aRodríguez Morales, Luis,
_eautor
_929492
245 1 0 _aDiseño :
_bestrategia y táctica /
_cLuis Rodríguez Morales
264 1 _aMéxico :
_bSiglo XXI,
_c2004
300 _a183 páginas ;
336 _atexto
_2rdacontent
337 _asin medio
_2rdamedia
338 _avolumen
_2rdacarrier
490 0 _aDiseño y comunicación
650 4 _aDiseño
_92672
942 _2lcc
_cBK
_n1
999 _c11760
_d11760